000 00683nam a2200193Ii 4500
003 JO-AjNU
008 230605s9999||||xx |||||||||||||| ||und||
040 _aJO-AjNU
_bara
_erda
_cJO-AjNU
041 _aara
050 1 4 _aPJ8190.H386 1998
100 3 _aحور،محمد إبراهيم,
_eauthor
_913802
245 0 0 _aفلسطينيات: ألوان من الحماسة الأدبية المعاصرة
264 3 1 _aالعين: مكتبة المكتبة، 1982
300 _a135ص
336 _atext
_btxt
_2rdacontent
337 _aunmediated
_bn
_2rdamedia
338 _avolume
_bnc
_2rdacarrier
650 4 _aالشعرالعربي - البلاد العربية - فلسطين
_913803
999 _aA3530
_c7098
_d7098